000 00250nam a22001217a 4500
003 SGT
082 _a954.03
_bF72C
100 _aCHANDRA, BIPAN
245 _aFREEDOM STRUGGLE
260 _bNATIONAL BOOK TRUST
_c1972
300 _a228
942 _2ddc
_cBK
999 _c28754
_d28754